00594 a2200181 450000100060000002000150000604000220002110000220004324000300006524500250009530000070012036200090012765000230013694200070015995201130016695201160027999900170039557376 a8526229982 cAnchieta - Pituba aCaruso, Aristides10aO castelo da intrigalpor10aO castelo da intriga a480 a1997 4aLiteratura juvenil cBK 00104070a91.1b91.1d2023-11-21l0oLJ 028.5 C322c CAR CASp7420/PITr2023-11-21 18:25:03w2023-11-21yBK 00102udc4070a39.1b39.1d2024-07-16l0o028.5 S850cp6663/CCPr2024-07-16 14:57:02tEx. 1w2024-07-16yBKu c57376d57376